L'Eglise des temps barbares / (Record no. 104924)

MARC details
000 -LEADER
campo de control de longitud fija 00693nam a2200229 i 4500
001 - NÚMERO DE CONTROL
campo de control 104924
003 - IDENTIFICADOR DE NÚMERO DE CONTROL
campo de control ES-MaACL
005 - FECHA Y HORA DE LA ÚLTIMA TRANSACCIÓN
campo de control 20250831072555.0
007 - CAMPO FIJO DE DESCRIPCIÓN FÍSICA--INFORMACIÓN GENERAL
campo de control de longitud fija t|
008 - DATOS DE LONGITUD FIJA--INFORMACIÓN GENERAL
campo de control de longitud fija 060529s1950 fr ||||1| fre d
080 ## - NÚMERO DE LA CLASIFICACIÓN DECIMAL UNIVERSAL
Número de la Clasificación Decimal Universal 27
100 0# - ENTRADA PRINCIPAL--NOMBRE DE PERSONA
Nombre de persona Daniel-Rops.
9 (RLIN) 42631
245 12 - MENCIÓN DEL TÍTULO
Título L'Eglise des temps barbares /
Mención de responsabilidad, etc. Daniel-Rops.
260 ## - PUBLICACIÓN, DISTRIBUCIÓN, ETC.
Lugar de publicación, distribución, etc. Paris :
Nombre del editor, distribuidor, etc. Arthème Fayard,
Fecha de publicación, distribución, etc. [1950]
300 ## - DESCRIPCIÓN FÍSICA
Extensión 774 p. ;
Dimensiones 19 cm.
490 1# - MENCIÓN DE SERIE
Mención de serie Les grandes études historiques
500 ## - NOTA GENERAL
Nota general Biblioteca Jacinto Martínez Lacalle.
650 17 - PUNTO DE ACCESO ADICIONAL DE MATERIA--TÉRMINO DE MATERIA
Término de materia o nombre geográfico como elemento de entrada Historia eclesiástica
Fuente del encabezamiento o término embne
9 (RLIN) 13400
830 04 - PUNTO DE ACCESO ADICIONAL DE SERIE-TÍTULO UNIFORME
Título uniforme Les grandes études historiques
9 (RLIN) 184869
852 ## - LOCALIZACIÓN
Ubicación ES-MaACL
Número de control de estantería E-11315
Sublocalización o colección R.138962
Holdings
Estatus retirado Estado de pérdida Estado de daño No para préstamo Biblioteca de origen Biblioteca actual Ubicación en estantería Fecha de adquisición Fuente de adquisición Total de préstamos Signatura topográfica completa Código de barras Visto por última vez Precio de reemplazo Tipo de ítem Koha
        Biblioteca del Ateneo de Madrid Biblioteca del Ateneo de Madrid Depósito 2 17/01/2008     E-11315 1109538 23/02/2023 23/02/2023 Libro impreso